| 000 | 00369nam a22001577a 4500 | ||
|---|---|---|---|
| 003 | SGT | ||
| 020 | _a9788123927862 | ||
| 082 |
_a616.601 _bM17A |
||
| 100 | _a ARORA D.R | ||
| 245 | _aTEXTBOOK OF MIOCROBIOLOGY FOR DENTAL STUDENTS | ||
| 250 | _a4TH | ||
| 260 |
_aNEW DELHI _bCBS PUBLICATION _c2017 |
||
| 300 | _a1-396 | ||
| 650 | _aMIOCROBIOLOGY | ||
| 942 |
_2ddc _cBK _01 |
||
| 999 |
_c20938 _d20938 |
||